Исследование кинетики сушки некоторых лекарственных препаратов; Известия Томского политехнического института [Известия ТПИ]; Т. 300 : Органическая химия

التفاصيل البيبلوغرافية
Parent link:Известия Томского политехнического института [Известия ТПИ]/ Томский политехнический институт (ТПИ).— , 1944-1976
Т. 300 : Органическая химия.— 1977.— [С. 105-107]
المؤلف الرئيسي: Спецци Г. Д.
مؤلفون آخرون: Чубыкина Г. В.
الملخص:Заглавие с титульного листа
Электронная версия печатной публикации
Цель освещенной в статье работы - изучение кинетики процесса сушки сульфоди-метоксина и сульфодимезина. Определение зависимости скорости процесса от температуры и толщины слоя материала. Эти данные нужны для определения продолжительности процесса и рациональното проектирования сушильных установок. В опытах использовался влагомер марки ДИ-8. Определялись: начальное и конечное влагосодержание материалов, изменение влагоеодержания по времени. По полученным данным построены обобщенные кривые сушки, кривые скорости сушки и получены величины, необходимые для определения продолжительности процесса. Установлена капиллярно-пористая структура материалов. Вид кривых сушки указывает на то, что скорость процесса в одинаковой степени зависит от параметров, определяющих свойства и состояние сушильного агента и материала. Оптимальные условия сушки: толщина слоя 3 мм, температуры - 160 и 150° С, соответственно для сульфодиметокоина и сульфодимезина. Для сушки этих препаратов рекомендуется взвешенный (кипящий) слой.
اللغة:الروسية
منشور في: 1977
الموضوعات:
الوصول للمادة أونلاين:Черно-белая версия для предварительного просмотра
Цветная версия без потери качества
التنسيق: الكتروني فصل الكتاب
KOHA link:https://koha.lib.tpu.ru/cgi-bin/koha/opac-detail.pl?biblionumber=240703

MARC

LEADER 00000nla2a2200000 4500
001 240703
005 20231031205754.0
035 |a (RuTPU)RU\TPU\book\261962 
035 |a RU\TPU\book\261961 
090 |a 240703 
100 |a 20130624d1977 k y0rusy50 ca 
101 0 |a rus 
102 |a RU 
135 |a drnn ---uucaa 
181 0 |a i  
182 0 |a b 
200 1 |a Исследование кинетики сушки некоторых лекарственных препаратов  |b Электронный ресурс  |f Г. Д. Спецци, Г. В. Чубыкина 
203 |a Текст  |c электронный 
215 |a 2 файла (173 Кб, 6.7 Мб) 
230 |a Электронные текстовые данные (2 файла : 173 Кб, 6.7 Мб) 
300 |a Заглавие с титульного листа 
300 |a Электронная версия печатной публикации 
320 |a [Библиогр.: с. 107 (3 назв.)] 
330 |a Цель освещенной в статье работы - изучение кинетики процесса сушки сульфоди-метоксина и сульфодимезина. Определение зависимости скорости процесса от температуры и толщины слоя материала. Эти данные нужны для определения продолжительности процесса и рациональното проектирования сушильных установок. В опытах использовался влагомер марки ДИ-8. Определялись: начальное и конечное влагосодержание материалов, изменение влагоеодержания по времени. По полученным данным построены обобщенные кривые сушки, кривые скорости сушки и получены величины, необходимые для определения продолжительности процесса. Установлена капиллярно-пористая структура материалов. Вид кривых сушки указывает на то, что скорость процесса в одинаковой степени зависит от параметров, определяющих свойства и состояние сушильного агента и материала. Оптимальные условия сушки: толщина слоя 3 мм, температуры - 160 и 150° С, соответственно для сульфодиметокоина и сульфодимезина. Для сушки этих препаратов рекомендуется взвешенный (кипящий) слой. 
337 |a Adobe Reader 
461 1 |0 (RuTPU)RU\TPU\book\200995  |t Известия Томского политехнического института [Известия ТПИ]  |f Томский политехнический институт (ТПИ)  |d 1944-1976 
463 1 |0 (RuTPU)RU\TPU\book\261858  |t Т. 300 : Органическая химия  |v [С. 105-107]  |d 1977  |p 150 с. 
610 1 |a электронный ресурс 
610 1 |a труды учёных ТПУ 
675 |a 615.453.2:66.047.1  |v 3 
700 1 |a Спецци  |b Г. Д. 
701 1 |a Чубыкина  |b Г. В. 
801 1 |a RU  |b 63413507  |c 20090320  |g PSBO 
801 2 |a RU  |b 63413507  |c 20130704  |g PSBO 
856 4 |u http://www.lib.tpu.ru/fulltext/v/Bulletin_TPU/1977/v300/30_bw.pdf  |z Черно-белая версия для предварительного просмотра 
856 4 |u http://www.lib.tpu.ru/fulltext/v/Bulletin_TPU/1977/v300/30_full.pdf  |z Цветная версия без потери качества 
942 |c CF